000 00505nam a2200133Ia 4500
008 100204s9999 xx 000 0 und d
082 _b10808
100 _aहिरगावकर ब. रा.
245 _aकौटिलीय अर्थशास्त्र
260 _b"वरदा बुक्स , पुणे"
_c1988 2
630 _aकौटिलीय अर्थशास्त्र
730 _aकौटिलीय अर्थशास्त्र
942 _cBOOK
999 _c455244
_d455241